| 000 | 00358nam a2200145Ia 4500 | ||
|---|---|---|---|
| 008 | 230917s9999||||xx |||||||||||||| ||und|| | ||
| 040 |
_e27915 _aMAIN |
||
| 041 | _aEnglish | ||
| 082 | _a342.02 R861R | ||
| 100 | _aSaberwal, Satish | ||
| 245 | 0 | _aRules, laws, constitutions | |
| 260 |
_aNew Delhi _bSage Publications _c1998 |
||
| 300 | _a289 p. | ||
| 942 | _cBK | ||
| 999 |
_c91596 _d91596 |
||